000 00727nam a2200289Ia 4500
005 20260324122343.0
008 008 260324s9999 xx 000 0 eng d
020 _a9781315590486
037 _aEBOOK
040 _aCRL
040 _beng
040 _cCRL
041 _2eng
041 _aeng
084 _qCRL
100 _aJulia Eva Wannenmacher
_91166122
245 0 _aJoachim of Fiore and the Influence of Inspiration
245 0 _bEssays in Memory of Marjorie E. Reeves (1905-2003)
260 _bTaylor and Francis
260 _c2013
365 _a
365 _b230
856 _uhttp://www.taylorfrancis.com/books/9781315590486
942 _cEBOOK
999 _c1758794
_d1758794